|
|
|
|
| LEADER |
01060cam a2200277 a 4500 |
| 001 |
u501083 |
| 003 |
SIRSI |
| 008 |
990618s2001 my t 00 1 eng m |
| 035 |
|
|
|a ACU-7094
|
| 040 |
|
|
|a UMM
|
| 043 |
|
|
|a a-my-pa
|
| 090 |
|
|
|a GE7
|b UM 2001 Tan
|
| 100 |
1 |
0 |
|a Tang, Soo Hui.
|
| 245 |
1 |
0 |
|a Diversity and abundance of phytoplankton in Tasek Bera, Pahang./
|c Tang Soo Hui.
|
| 260 |
|
|
|c 2001.
|
| 300 |
|
|
|a xiii, 268 leaves :
|b ill. ;
|c 30 cm.
|
| 502 |
|
|
|a Dissertation (M.Tech. (Envir. Mgmt.)) -- Institut Pengajian Siswazah dan Penyelidikan, Universiti Malaya, 2001.
|
| 504 |
|
|
|a Bibliography: p. 253-268.
|
| 650 |
|
0 |
|a Phytoplankton
|z Tasek Bera.
|
| 650 |
|
0 |
|a Biodiversity
|
| 710 |
2 |
0 |
|a Universiti Malaya.
|b Institut Pengajian Siswazah dan Penyelidikan.
|
| 856 |
|
|
|f IARC:A511971263
|z Click Here for Abstract and Table of Contents
|
| 856 |
4 |
1 |
|u http://studentsrepo.um.edu.my/id/eprint/1540
|
| 948 |
|
|
|a 13/06/2002
|b 04/02/2004
|
| 596 |
|
|
|a 1
|
| 999 |
|
|
|a GE7 UM 2001 TAN
|w LC
|c 1
|i A510668932
|d 17/4/2008
|e 17/4/2008
|l STACKS
|m P01UTAMA
|n 1
|r Y
|s Y
|t TESIS
|u 18/2/2004
|